Sql server 2016 developers guide: (Record no. 196258)
[ view plain ]
| 000 -LEADER | |
|---|---|
| fixed length control field | 01006nam a2200265Ia 4500 |
| 003 - CONTROL NUMBER IDENTIFIER | |
| control field | OSt |
| 005 - DATE AND TIME OF LATEST TRANSACTION | |
| control field | 20250605093416.0 |
| 008 - FIXED-LENGTH DATA ELEMENTS--GENERAL INFORMATION | |
| fixed length control field | 210716s2017 xx 000 0 und d |
| 020 ## - INTERNATIONAL STANDARD BOOK NUMBER | |
| International Standard Book Number | 9781786465344 |
| 040 ## - CATALOGING SOURCE | |
| Transcribing agency | AIMIT LIBRARY |
| 041 ## - LANGUAGE CODE | |
| Language code of text/sound track or separate title | eng |
| 082 ## - DEWEY DECIMAL CLASSIFICATION NUMBER | |
| Classification number | 005.7402 |
| Item number | SARD |
| 100 ## - MAIN ENTRY--PERSONAL NAME | |
| Personal name | Sarka, Dejan. |
| 9 (RLIN) | 212825 |
| 245 ## - TITLE STATEMENT | |
| Title | Sql server 2016 developers guide: |
| Remainder of title | get the most out of the rich development capabilities of sql server 2016 to build efficient database applications for your organization / |
| Statement of responsibility, etc. | By Dejan Sarka, Milos Radivojevic and William Durkin. |
| 250 ## - EDITION STATEMENT | |
| Edition statement | 1st ed. |
| 260 ## - PUBLICATION, DISTRIBUTION, ETC. | |
| Place of publication, distribution, etc. | Mumbai : |
| Name of publisher, distributor, etc. | Packt Publishing Ltd , |
| Date of publication, distribution, etc. | 2017. |
| 300 ## - PHYSICAL DESCRIPTION | |
| Extent | ix,596 p.; |
| Other physical details | PB |
| Dimensions | 24.5 cm. |
| 650 ## - SUBJECT ADDED ENTRY--TOPICAL TERM | |
| Topical term or geographic name entry element | Review of sql server features for developers |
| 9 (RLIN) | 212826 |
| 650 ## - SUBJECT ADDED ENTRY--TOPICAL TERM | |
| Topical term or geographic name entry element | JSON support in sql server |
| 9 (RLIN) | 212827 |
| 650 ## - SUBJECT ADDED ENTRY--TOPICAL TERM | |
| Topical term or geographic name entry element | Stretch database |
| 9 (RLIN) | 212828 |
| 650 ## - SUBJECT ADDED ENTRY--TOPICAL TERM | |
| Topical term or geographic name entry element | Transact sql enhancements |
| 9 (RLIN) | 212829 |
| 700 ## - ADDED ENTRY--PERSONAL NAME | |
| Personal name | Radivojevic, Milos. |
| 9 (RLIN) | 212830 |
| 700 ## - ADDED ENTRY--PERSONAL NAME | |
| Personal name | Durkin, William. |
| 9 (RLIN) | 212831 |
| 942 ## - ADDED ENTRY ELEMENTS (KOHA) | |
| Source of classification or shelving scheme | Dewey Decimal Classification |
| Koha item type | Book |
| Call number prefix | 005.7402 SARD |
| Withdrawn status | Lost status | Damaged status | Not for loan | Collection code | Home library | Current library | Source of acquisition | Cost, normal purchase price | Total Checkouts | Full call number | Barcode | Date last seen | Cost, replacement price | Price effective from | Koha item type |
|---|---|---|---|---|---|---|---|---|---|---|---|---|---|---|---|
| MCA | St Aloysius Institute of Management & Information Technology | St Aloysius Institute of Management & Information Technology | Knowledge World | 1599.00 | 005.7402 SARD | MCA15773 | 05/23/2026 | 1247.22 | 07/16/2021 | Book |